| 000 | 00742cam a22002417a 4500 | ||
|---|---|---|---|
| 003 | CHAP | ||
| 005 | 20220329133014.0 | ||
| 008 | 971013s r 00010 d | ||
| 010 | _a1195 | ||
| 011 | _a2167 | ||
| 035 | _a1358 | ||
| 040 | _cCHAP | ||
| 090 | _aR-3201 | ||
| 100 | 0 | 0 |
_aRefatti, E. _995466 |
| 245 | 0 | _aPear decline and moria | |
| 500 | _aSobretiro de: Technical communication. Commonwealth Bureau of Horticulture and Plantation Crops No. 30, Suplement No. 1: 108a - 108h, 1967. | ||
| 590 |
_aBATCH-UPD _b10 _c20130110 _lUCH01 _h2206 |
||
| 590 |
_aCONVERSION _b10 _c20130109 _lUCH01 _h1302 |
||
| 650 | 1 | 4 |
_aPera _xEnfermedades por virus. _986971 |
| 901 | _aBK | ||
| 942 | _cREIMP | ||
| 949 |
_aR-3201 _bBC _cR _d-10822 _eTS1 _i1358 _si |
||
| 999 |
_c1195 _d1195 |
||